Statistiques concernant Organisations criminelles de fiction

Cliquez ici pour prendre le quiz!

Statistiques générales

  • Ce quiz a été pris 42 fois
  • Le résultat moyen est 8 sur 35

Statistiques - réponses

Organisation criminelleUnivers% Correct
AkatsukiNaruto
79%
Team RocketPokémon
79%
MangemortsHarry Potter
71%
Famille CorleoneLe Parrain
58%
HydraCaptain America
50%
Gang de RastapopoulosTintin
50%
La Triade (Los Santos)Grand Theft Auto
39%
Brigade FantômeHunter X Hunter
39%
Armée du Ruban RougeDragon Ball
37%
Confrérie des MutantsX-Men
37%
SPECTREJames Bond
34%
Baroque WorksOne Piece
34%
RapetouPicsou
34%
Alliance des super-vilainsMy hero academia
32%
Guilde des Voleurs
(Oblivion)
Elder Scrolls
18%
M.A.DInspecteur Gadget
18%
Gang Van der LindeRed Dead Redemption
18%
DedSecWatch Dogs
18%
RavageursLes Gardiens de
la Galaxie
16%
TartarosFairy Tail
13%
Bad GuysBad Guys
11%
Clan des FootTortues Ninja
11%
Gang des YigasThe Legend of Zelda
8%
Alliance des esprits mauditsJujutsu Kaisen
5%
Aogiri TreeTokyo Ghoul
5%
Alliance luxienneStargate
3%
ShadalooStreet Fighter
3%
BontenTokyo Revengers
3%
ShishigumiBeastars
0%
Organisation noireDétective Conan
0%
Le SyndicatFallout
0%
RokakakaJojo's Bizarre Adventure
0%
TriumviratLes Travaux d'Apollon
0%
Syndicat CrymorahStar Wars
0%
La SalamandreThe Witcher
0%

Distribution des résultats

Percentile par nombre de réponses

% des personnes avec chaque résultat

Votre développement - résultats

Vous n’avez pas pris ce quiz